Les catégories de "meilleur ouvrier de France" 2 - Statistiques

Statistiques générales
  • Ce quiz a été pris 6 fois
  • Le résultat moyen est 7 sur 40
Statistiques - réponses
Groupe 5 Métiers de l'habitation, bois et ameublement Initiale Réponse % Correct
Création de mobilier E Ebénisterie
60%
Travail du bois spécialisé M {Menuiserie} en sièges
60%
Computer O Conception Assistée par {Ordinateur} de produits mécaniques
40%
Fabrication de navires N Construction {navale}
40%
On moule, on coule dans cette spécialité F Fonderie
40%
Vulcain est son dieu F Forge
40%
Passage de courant E Métiers de l'{électricité} et de l'électrotechnique
40%
Réparation R {Restauration} de céramique
40%
Art S {Sculpture} sur bois
40%
Concerne les véhicules A Technologie {automobile}
40%
Travail de fibres végétales V Vannerie
40%
Ornementation T {Décoration} sur faïence
20%
Ornementation D {Décoration} sur porcelaine
20%
Réductions M {Maquettes} industrielles
20%
Décor de placages M Marquetterie
20%
Le joaillier en fait... O Orfèvrerie
20%
Vases artisanaux P Poterie
20%
Structure métallique C Réparateur en {carrosserie} automobile
20%
Assemblage permanent S {Soudage} manuel
20%
Demande du coffre S { Soufflage} du verre
20%
Travaille le bois en rond T Tourneur
20%
Composites S Art et technique des matériaux de {synthèse}
0%
Matière noble en décoration B Bronze
0%
Autrefois spécialité des fabricants de contenants C Chaudronnerie
0%
Travail du cuivre ou du laiton D Dinanderie
0%
Il met en valeur la gravure ou le tableau E D Encadreur Doreur
0%
Résine L Laque
0%
Productrice E Métiers du service à l'{énergie}
0%
Forme de sculpture M Modelage
0%
Travaille d'après un dessin M {Modeleur} sur porcelaine
0%
Indispensable aux ouvriers O Outillage
0%
Spécialiste de Saint-Claude P Pipier
0%
Remet en état R {Restaurateur} de mobilier
0%
Petits saints S Santons
0%
Scène en tissu T Tapisserie
0%
Tissu de garniture T {Tapisserie} d'ameublement
0%
On y utilise un laminoir T Tôlerie
0%
Fabrication de foudres notamment T Tonnellerie
0%
Produits transparents V C Verrerie Cristallerie
0%
Assemblage de verres V {Vitraux} d'art
0%
Aucun quiz correspondant
Distribution des résultats
% des personnes avec chaque résultat
Percentile par nombre de réponses
Votre historique - résultats
Vous n’avez pas pris ce quiz